Normal view
MARC view
- Landman, Jacob Henry
Entry Personal Name
001 - CONTROL NUMBER
- control field: 49130
003 - CONTROL NUMBER IDENTIFIER
- control field: NUST
005 - DATE AND TIME OF LATEST TRANSACTION
- control field: 20210314134247.0
008 - FIXED-LENGTH DATA ELEMENTS
- fixed length control field: 210314|| aca||aabn | a|a d
040 ## - CATALOGING SOURCE
- Original cataloging agency: NUST
- Transcribing agency: NUST
100 ## - HEADING--PERSONAL NAME
- Personal name: Landman, Jacob Henry
670 ## - SOURCE DATA FOUND
- Source citation: Work cat.: (NUST): Landman, Jacob Henry., World since 1914, 1955.
